[Event "Manitoba-ch"]
[Site "Winnipeg"]
[Date "2013.08.20"]
[Round "3"]
[White "Vincent, Trevor"]
[Black "Li, Kevin"]
[Result "1-0"]
[WhiteElo "2353"]
[BlackElo "2224"]
[PlyCount "67"]
[EventDate "2013.05.04"]
[EventType "k.o."]
[EventRounds "3"]
[EventCountry "CAN"]
[SourceTitle "EXT 2019"]
[Source "ChessBase"]
[SourceDate "2018.10.10"]
[SourceVersion "1"]
[SourceVersionDate "2018.10.10"]
[SourceQuality "1"]

1. c4 Nf6 2. g3 g6 3. Bg2 Bg7 4. Nc3 0-0 5. e4 c5 6. Nge2 Nc6 7. 0-0 d6 8. d3 Ne8 9. Be3 Nd4 10. Rb1 a5 11. a3 Nc7 12. b4 axb4 13. axb4 Nce6 14. f4 Ra3 15. f5 Nc7 16. Qd2 Nxe2+ 17. Nxe2 Na6 18. Bh6 cxb4 19. Bxg7 Kxg7 20. Rxb4 Qa5 21. Qb2+ Kg8 22. Rb5 Ra2 23. Qc3 Qa3 24. Rb3 Qa5 25. d4 Qxc3 26. Nxc3 Rd2 27. Rd1 Rxd1+ 28. Nxd1 gxf5 29. exf5 Bxf5 30. Rxb7 Re8 31. Ne3 Bc8 32. Rb6 Nc7 33. Bc6 Rd8 34. Rb8 1-0

[Event "Manitoba-ch"]
[Site "Winnipeg"]
[Date "2013.06.11"]
[Round "1"]
[White "Wasserman, Leor"]
[Black "Vincent, Trevor"]
[Result "0-1"]
[WhiteElo "1965"]
[BlackElo "2353"]
[PlyCount "60"]
[EventDate "2013.05.04"]
[EventType "k.o."]
[EventRounds "3"]
[EventCountry "CAN"]
[SourceTitle "EXT 2019"]
[Source "ChessBase"]
[SourceDate "2018.10.10"]
[SourceVersion "1"]
[SourceVersionDate "2018.10.10"]
[SourceQuality "1"]

1. e4 c5 2. Nf3 e6 3. d4 cxd4 4. Nxd4 Nc6 5. Nb5 d6 6. Bf4 e5 7. Be3 Nf6 8. N1c3 a6 9. Na3 Rb8 10. Nd5 Nxd5 11. exd5 Ne7 12. c4 Nf5 13. Nc2 Be7 14. Bd3 0-0 15. 0-0 Nxe3 16. Nxe3 f5 17. Kh1 Bg5 18. Nc2 Qf6 19. b4 Bd7 20. Rb1 Ba4 21. b5 e4 22. Be2 Qc3 23. Qd4 Qxc2 24. Rb2 Bf6 25. Rxc2 Bxd4 26. Rcc1 axb5 27. cxb5 Rbc8 28. Rb1 Bc2 29. Rb4 Bc3 30. Rc4 Bd3 0-1

[Event "Manitoba-ch"]
[Site "Winnipeg"]
[Date "2012.05.06"]
[Round "1"]
[White "Kaptsan, Aron"]
[Black "Vincent, Trevor"]
[Result "1/2-1/2"]
[WhiteElo "2019"]
[BlackElo "2173"]
[PlyCount "94"]
[EventDate "2012.04.17"]
[EventType "k.o."]
[EventRounds "3"]
[EventCountry "CAN"]
[SourceTitle "EXT 2019"]
[Source "ChessBase"]
[SourceDate "2018.10.10"]
[SourceVersion "1"]
[SourceVersionDate "2018.10.10"]
[SourceQuality "1"]

1. d4 Nf6 2. c4 g6 3. Nc3 d5 4. Bd2 dxc4 5. Qa4+ c6 6. Qxc4 Bg7 7. Nf3 Bf5 8. e3 0-0 9. Be2 Nbd7 10. 0-0 e5 11. Rfd1 e4 12. Ne1 Be6 13. Qa4 Re8 14. Qc2 Rc8 15. b4 Nb6 16. Rac1 Qd6 17. a3 Bg4 18. h3 Bxe2 19. Nxe2 Nbd5 20. Qa4 a6 21. Nc2 b5 22. Qb3 Nb6 23. Na1 Nfd5 24. Qa2 Nc4 25. Nb3 f5 26. Nc5 Ra8 27. Nb7 Qe7 28. Na5 Nxa5 29. bxa5 Rac8 30. Rc5 Qe6 31. Rdc1 Bf8 32. R5c2 Kf7 33. Qb3 Rc7 34. Nc3 Nf6 35. Qb2 Rec8 36. Na2 c5 37. dxc5 Rxc5 38. Bb4 Rxc2 39. Rxc2 Rxc2 40. Qxc2 Nd5 41. Bxf8 Kxf8 42. Qc5+ Ke8 43. Nb4 Nxb4 44. axb4 h5 45. h4 Kd7 46. g3 Qd6 47. Qa7+ Ke6 1/2-1/2

[Event "Yanofsky Memorial op 9th"]
[Site "Winnipeg"]
[Date "2011.08.07"]
[Round "5"]
[White "Vincent, Trevor"]
[Black "Melamedoff, Gustavo"]
[Result "1-0"]
[WhiteElo "2150"]
[BlackElo "2051"]
[PlyCount "55"]
[EventDate "2011.08.07"]
[EventType "swiss"]
[EventRounds "5"]
[EventCountry "CAN"]
[SourceTitle "EXT 2019"]
[Source "ChessBase"]
[SourceDate "2018.10.10"]
[SourceVersion "1"]
[SourceVersionDate "2018.10.10"]
[SourceQuality "1"]

1. c4 f5 2. g3 Nf6 3. Bg2 e6 4. Nf3 d5 5. 0-0 c6 6. d3 Be7 7. Nc3 0-0 8. e4 fxe4 9. dxe4 dxc4 10. Qe2 b5 11. Rd1 Qb6 12. Be3 Bc5 13. Bxc5 Qxc5 14. e5 Nd5 15. Ne4 Qe7 16. Nd4 a6 17. Nd6 c5 18. Nxc8 Rxc8 19. Nxe6 Nb6 20. Bxa8 Nxa8 21. Rd6 Nc7 22. Nxc7 Qxc7 23. Qe4 Nc6 24. Qd5+ Kh8 25. Qxc5 Qb7 26. Rad1 h6 27. Rd7 Qb8 28. e6 1-0

[Event "Manitoba-ch"]
[Site "Winnipeg"]
[Date "2011.05.24"]
[Round "2.2"]
[White "Melamedoff, Gustavo"]
[Black "Vincent, Trevor"]
[Result "1-0"]
[WhiteElo "2048"]
[BlackElo "2131"]
[PlyCount "85"]
[EventDate "2011.04.05"]
[EventType "k.o."]
[EventRounds "3"]
[EventCountry "CAN"]
[SourceTitle "EXT 2019"]
[Source "ChessBase"]
[SourceDate "2018.10.10"]
[SourceVersion "1"]
[SourceVersionDate "2018.10.10"]
[SourceQuality "1"]

1. c4 c5 2. g3 Nc6 3. Bg2 g6 4. Nc3 Bg7 5. e3 e5 6. Nge2 Nge7 7. 0-0 0-0 8. a3 d6 9. Rb1 a5 10. Nd5 Be6 11. Nec3 Rb8 12. d3 f5 13. f4 Bf7 14. Bd2 b6 15. Qa4 Nxd5 16. Nxd5 Ne7 17. b4 Nxd5 18. Bxd5 Bxd5 19. cxd5 axb4 20. axb4 exf4 21. gxf4 b5 22. Qc2 Qb6 23. Kh1 Qb7 24. e4 fxe4 25. dxe4 c4 26. Bc3 Rbe8 27. Rbe1 Qd7 28. f5 Bxc3 29. Qxc3 Qg7 30. f6 Qd7 31. Qg3 Re5 32. Rf4 Qd8 33. Ref1 Rf7 34. Qa3 Qe8 35. Qa6 Rxe4 36. Qxd6 Rd7 37. f7+ Qxf7 38. Qb8+ Kg7 39. Rxf7+ Rxf7 40. Rxf7+ Kxf7 41. d6 Ke6 42. Qe8+ Kd5 43. d7 1-0

[Event "Manitoba-ch"]
[Site "Winnipeg"]
[Date "2010.07.13"]
[Round "1.2"]
[White "Vincent, Trevor"]
[Black "Lipnowski, Samuel"]
[Result "1/2-1/2"]
[WhiteElo "2304"]
[BlackElo "2224"]
[PlyCount "83"]
[EventDate "2010.06.04"]
[EventType "swiss"]
[EventRounds "6"]
[EventCountry "CAN"]
[SourceTitle "EXT 2022"]
[Source "ChessBase"]
[SourceDate "2021.10.06"]
[SourceVersion "1"]
[SourceVersionDate "2021.10.06"]
[SourceQuality "1"]

1. c4 e5 2. g3 Nf6 3. Bg2 d5 4. cxd5 Nxd5 5. Nf3 Nc6 6. 0-0 Be7 7. d4 e4 8. Ne5 f5 9. Nxc6 bxc6 10. Nd2 0-0 11. Nb3 a5 12. Bd2 a4 13. Na5 Bd7 14. Qxa4 Qe8 15. Qc2 Kh8 16. Nc4 c5 17. Ne3 Nxe3 18. Bxe3 cxd4 19. Bxd4 Bd6 20. Rfd1 Qf7 21. b3 Rfb8 22. Qc3 Be6 23. e3 Bb4 24. Qc2 Bd6 25. Bf1 h6 26. Be2 Kh7 27. h4 Ra5 28. Bc3 Ra7 29. Kg2 Rba8 30. Rdb1 Rb7 31. Bd4 Rbb8 32. Bd1 c5 33. Bc3 Ra7 34. Be2 Rab7 35. Rd1 Be7 36. Be5 Ra8 37. Qc3 Rba7 38. Qc2 Rb7 39. Qc3 Rba7 40. Qc2 Rb7 41. Qc3 Rba7 42. Qc2 1/2-1/2

[Event "Winnipeg TNT June op"]
[Site "Winnipeg"]
[Date "2009.06.16"]
[Round "3"]
[White "Mundwiler, Les"]
[Black "Vincent, Trevor"]
[Result "0-1"]
[WhiteElo "2017"]
[BlackElo "2266"]
[PlyCount "34"]
[EventDate "2009.06.02"]
[EventType "swiss"]
[EventRounds "4"]
[EventCountry "CAN"]
[SourceTitle "EXT 2011"]
[Source "ChessBase"]
[SourceDate "2010.11.26"]
[SourceVersion "1"]
[SourceVersionDate "2010.11.26"]
[SourceQuality "1"]

1. d4 f5 2. e4 fxe4 3. Nc3 Nf6 4. g4 h6 5. Bg2 d5 6. f3 Nc6 7. Bf4 g5 8. Bg3 a6 9. h4 gxh4 10. Bxh4 Bg7 11. Qd2 Qd6 12. 0-0-0 Be6 13. Nge2 0-0-0 14. Bg3 Qb4 15. a3 Qa5 16. g5 hxg5 17. Rxh8 Rxh8 0-1

[Event "Winnipeg TNT June op"]
[Site "Winnipeg"]
[Date "2009.06.09"]
[Round "2"]
[White "Vincent, Trevor"]
[Black "Green, Aaron"]
[Result "1-0"]
[WhiteElo "2266"]
[BlackElo "1830"]
[PlyCount "50"]
[EventDate "2009.06.02"]
[EventType "swiss"]
[EventRounds "4"]
[EventCountry "CAN"]
[SourceTitle "EXT 2011"]
[Source "ChessBase"]
[SourceDate "2010.11.26"]
[SourceVersion "1"]
[SourceVersionDate "2010.11.26"]
[SourceQuality "1"]

1. c4 e5 2. g3 d6 3. Bg2 f5 4. Nc3 Nf6 5. d3 Be7 6. e3 0-0 7. Nge2 c6 8. 0-0 Be6 9. f4 e4 10. Nd4 Qd7 11. g4 Nxg4 12. Nxe6 Qxe6 13. dxe4 Qxc4 14. exf5 Nf6 15. e4 Nbd7 16. Be3 Qf7 17. Qe2 Rfe8 18. Rad1 Bf8 19. Bf3 Nb6 20. b3 g6 21. fxg6 hxg6 22. Kh1 d5 23. e5 Nfd7 24. a4 Nc8 25. Nxd5 Ne7 1-0

[Event "Winnipeg TNT May op"]
[Site "Winnipeg"]
[Date "2009.05.26"]
[Round "4"]
[White "Vincent, Trevor"]
[Black "Kaptsan, Aron"]
[Result "1-0"]
[WhiteElo "2228"]
[BlackElo "2084"]
[PlyCount "33"]
[EventDate "2009.05.05"]
[EventType "swiss"]
[EventRounds "4"]
[EventCountry "CAN"]
[SourceTitle "EXT 2011"]
[Source "ChessBase"]
[SourceDate "2010.11.26"]
[SourceVersion "1"]
[SourceVersionDate "2010.11.26"]
[SourceQuality "1"]

1. c4 Nf6 2. g3 c6 3. Bg2 d5 4. Nf3 Bf5 5. cxd5 cxd5 6. Qb3 Qc8 7. Nc3 e6 8. d3 Nc6 9. Bf4 Be7 10. 0-0 0-0 11. Rac1 Qd7 12. e4 dxe4 13. dxe4 Nxe4 14. Nxe4 Bxe4 15. Ne5 Qd5 16. Bxe4 Qxe4 17. Qxb7 1-0

[Event "Winnipeg TNT July op"]
[Site "Winnipeg"]
[Date "2008.07.15"]
[Round "2"]
[White "Vincent, Trevor"]
[Black "Charter, Bennet"]
[Result "1-0"]
[WhiteElo "2213"]
[BlackElo "1722"]
[PlyCount "59"]
[EventDate "2008.07.08"]
[EventType "swiss"]
[EventRounds "4"]
[EventCountry "CAN"]
[SourceTitle "EXT 2011"]
[Source "ChessBase"]
[SourceDate "2010.11.26"]
[SourceVersion "1"]
[SourceVersionDate "2010.11.26"]
[SourceQuality "1"]

1. c4 Nf6 2. g3 g6 3. Bg2 d5 4. cxd5 Nxd5 5. Nc3 Nb6 6. d3 Bg7 7. Be3 0-0 8. Qd2 Re8 9. Rc1 c6 10. Nf3 N8d7 11. 0-0 Nf6 12. Rfd1 Nfd5 13. Bc5 Nxc3 14. bxc3 Be6 15. Bd4 f6 16. c4 Qd7 17. Rb1 Nc8 18. Bc3 Bf7 19. Nd4 e5 20. Nb3 b6 21. a4 Rb8 22. Rb2 Qc7 23. Rdb1 c5 24. Na1 Nd6 25. Rb3 e4 26. Qb2 Qd8 27. Nc2 exd3 28. exd3 Kh8 29. Ne3 Nc8 30. Ng4 1-0

[Event "Winnipeg Yanofsky Memorial"]
[Site "Winnipeg"]
[Date "2007.09.01"]
[Round "3"]
[White "Vincent, Trevor"]
[Black "Oberton, Daniel"]
[Result "1-0"]
[WhiteElo "2175"]
[BlackElo "2011"]
[PlyCount "89"]
[EventDate "2007.08.31"]
[EventType "swiss"]
[EventRounds "5"]
[EventCountry "CAN"]
[SourceTitle "EXT 2022"]
[Source "ChessBase"]
[SourceDate "2021.10.06"]
[SourceVersion "1"]
[SourceVersionDate "2021.10.06"]
[SourceQuality "1"]

1. c4 c5 2. g3 g6 3. Bg2 Bg7 4. Nc3 Nc6 5. a3 Nf6 6. Rb1 d6 7. b4 a6 8. Nh3 Qc7 9. Nf4 e6 10. 0-0 0-0 11. e3 cxb4 12. axb4 Ne5 13. d3 Bd7 14. Nfe2 Bc6 15. e4 b5 16. cxb5 Bxb5 17. Nxb5 axb5 18. h3 Nc6 19. Qb3 Ra4 20. Bd2 Nd7 21. Rfe1 Qb6 22. e5 d5 23. Be3 Qa6 24. Qc2 Nxb4 25. Qb3 Nc6 26. d4 Rb4 27. Qc2 Rxb1 28. Rxb1 b4 29. Nc1 Rc8 30. Bf1 Qb7 31. Qd2 Bf8 32. Qd3 Nb6 33. Qb5 Ra8 34. Nb3 Na7 35. Qa5 Nc4 36. Bxc4 dxc4 37. Nc5 Nc6 38. Nxb7 Rxa5 39. Nxa5 Nxa5 40. Ra1 b3 41. Rxa5 b2 42. Rb5 c3 43. d5 Ba3 44. d6 c2 45. Rxb2 1-0

[Event "Winnipeg Yanofsky Memorial"]
[Site "Winnipeg"]
[Date "2007.08.31"]
[Round "1"]
[White "Vincent, Trevor"]
[Black "Bince, Rolando"]
[Result "1-0"]
[WhiteElo "2175"]
[BlackElo "1913"]
[PlyCount "89"]
[EventDate "2007.08.31"]
[EventType "swiss"]
[EventRounds "5"]
[EventCountry "CAN"]
[SourceTitle "EXT 2022"]
[Source "ChessBase"]
[SourceDate "2021.10.06"]
[SourceVersion "1"]
[SourceVersionDate "2021.10.06"]
[SourceQuality "1"]

1. c4 Nf6 2. g3 g6 3. Bg2 Bg7 4. Nc3 c5 5. a3 Nc6 6. Rb1 a5 7. Nh3 e5 8. 0-0 0-0 9. d3 d6 10. f4 Bxh3 11. Bxh3 exf4 12. Bxf4 Nh5 13. Bd2 f5 14. Nd5 Nf6 15. Bg5 h6 16. Nxf6+ Bxf6 17. Bxh6 Re8 18. Bd2 Bd4+ 19. Kh1 Qe7 20. e4 fxe4 21. dxe4 Rf8 22. Qg4 Ne5 23. Qe6+ Qxe6 24. Bxe6+ Kg7 25. b3 b6 26. h3 Rae8 27. Bd5 Rf2 28. Rxf2 Bxf2 29. Kg2 Bd4 30. Rf1 Re7 31. Bg5 Re8 32. Bf6+ Kh6 33. Rf4 g5 34. Rf5 g4 35. h4 Bb2 36. a4 Rf8 37. Bg5+ Kg7 38. Bh6+ Kxh6 39. Rxf8 Nd3 40. Rb8 Be5 41. Rxb6 Ne1+ 42. Kf2 Nd3+ 43. Ke2 Nb4 44. Be6 Kh5 45. Rb7 1-0

[Event "Winnipeg February Sect-A"]
[Site "Winnipeg "]
[Date "2007.02.10"]
[Round "3"]
[White "Vlaovic, George"]
[Black "Vincent, Trevor"]
[Result "0-1"]
[WhiteElo "2271"]
[BlackElo "2178"]
[PlyCount "80"]
[EventDate "2007.02.09"]
[EventType "tourn"]
[EventRounds "5"]
[EventCountry "CAN"]
[SourceTitle "EXT 2008"]
[Source "ChessBase"]
[SourceDate "2007.11.25"]
[SourceVersion "1"]
[SourceVersionDate "2007.11.25"]
[SourceQuality "1"]

1. e4 c5 2. Nf3 Nc6 3. d4 cxd4 4. Nxd4 g6 5. Nc3 Bg7 6. Be3 Nf6 7. Bc4 0-0 8. Bb3 a5 9. a3 Ng4 10. Qxg4 Nxd4 11. Qd1 Nxb3 12. cxb3 Ra6 13. 0-0 Re6 14. Qd3 b6 15. Rfd1 Kh8 16. Bd4 f5 17. Bxg7+ Kxg7 18. f3 fxe4 19. Qd4+ Kg8 20. fxe4 Qc7 21. b4 axb4 22. Qxb4 Bb7 23. Rac1 Qf4 24. Qd4 Rd6 25. Qc4+ e6 26. Qe2 Qe5 27. Qe3 Rf4 28. g3 Rxd1+ 29. Rxd1 Rf7 30. Qxb6 Bxe4 31. Qe3 d5 32. Nxe4 dxe4 33. Rd8+ Kg7 34. Qd4 Kf6 35. Qxe5+ Kxe5 36. Rd1 e3 37. b4 Ke4 38. a4 e2 39. Ra1 Rd7 40. Re1 Ke3 0-1

[Event "Yanofsky Memorial op"]
[Site "Winnipeg"]
[Date "2006.09.01"]
[Round "1"]
[White "Vincent, Trevor"]
[Black "Rutter, Blair A"]
[Result "1-0"]
[WhiteElo "2070"]
[BlackElo "1803"]
[PlyCount "61"]
[EventDate "2006.09.01"]
[EventType "swiss"]
[EventRounds "5"]
[EventCountry "CAN"]
[SourceTitle "EXT 2007"]
[Source "ChessBase"]
[SourceDate "2006.11.23"]
[SourceVersion "1"]
[SourceVersionDate "2006.11.23"]
[SourceQuality "1"]

1. c4 d6 2. g3 e5 3. Bg2 Nc6 4. Nc3 f5 5. d3 Nf6 6. e4 Be7 7. Nge2 Rb8 8. 0-0 0-0 9. h3 a6 10. Be3 fxe4 11. dxe4 b5 12. cxb5 axb5 13. Nd5 Na5 14. f4 Nc4 15. Bc1 c6 16. Nxe7+ Qxe7 17. b3 Qa7+ 18. Kh2 Ne3 19. Bxe3 Qxe3 20. Rf3 Qxe4 21. Rd3 Qf5 22. Rxd6 Nd5 23. Qd2 exf4 24. Nxf4 Nxf4 25. Rf1 Bb7 26. Rxf4 Qe5 27. Rg4 Rbc8 28. Rg5 Qe8 29. Qd4 g6 30. Re5 Qf7 31. Rd7 1-0